000 005030000a22002050004500
001 651
003 CO-MdBIC
005 20220422172759.0
008 220422b ||||| |||| 00| 0 eng d
020 _a0590061984
040 _bspa.
041 _aeng
082 0 4 _a22
_2813C
_bL78f
100 1 _aLobel, Arnold
245 1 0 _aFrog and toad together
_c/ Arnold Lobel
260 _aNew York : Scholastic
300 _a64 páginas;
_bilustrado:
_c21 cm.
650 1 4 _aLiteratura Infantil
942 _cLGB
999 _c47855
_d47855